Számítógépes feldolgozással támogatott fonalgyártási termelés irányítás
Elmentve itt :
| Szerző: | |
|---|---|
| További közreműködők: | |
| Dokumentumtípus: | Szakdolgozat |
| Megjelent: |
1989
|
| Tárgyszavak: | |
| Online Access: | http://diploma.bibl.u-szeged.hu/490 |
| LEADER | 00573nta a2200157 i 4500 | ||
|---|---|---|---|
| 001 | dipl490 | ||
| 005 | 20120326121818.0 | ||
| 008 | 101215s1989 hu om 0|| hun d | ||
| 040 | |a SZTE Diploma Repozitórium |b hun | ||
| 041 | |a hun | ||
| 100 | 1 | |a Kasza György | |
| 245 | 1 | 0 | |a Számítógépes feldolgozással támogatott fonalgyártási termelés irányítás |h [elektronikus dokumentum] / |c György Kasza |
| 260 | |c 1989 | ||
| 650 | 4 | |a Informatika | |
| 700 | 1 | |a nincs megadva |e ths | |
| 856 | 4 | 0 | |u http://diploma.bibl.u-szeged.hu/id/eprint/490/1/1989_kazsa_gy%C3%B6rgy_89_42.pdf |z Dokumentum-elérés |